Chansons françaises par paroles commençant par G - Statistiques

Statistiques générales
  • Ce quiz a été pris 156 fois
  • Le résultat moyen est 7 sur 20
Statistiques - réponses
Hint Réponse % Correct
Tout à l'heure j'roulais sur mon scooter Dans Paris D'une voiture au feu rouge un mec me dit Hé madame il est quelle heure J'lui réponds midi Il m'dit madame qu'est-ce que t'es bonne Tu veux pas m'faire une gâterie Ses potes rigolent sur le moment j'ai pas compris J'réponds mon grand C'est pas comme ça qu'on parle aux gens Tu n'aimerais pas qu'on parle comme ça à ta maman Garçon
75%
Elle fout toute sa vie en l'air
Et toute sa vie c'est pas grand-chose
Qu'est-ce qu'elle aurait bien pu faire
À part rêver seule dans son lit
Le soir entre ses draps roses
La {groupie du pianiste}
75%
Hé toi, mais qu'est-ce que tu crois Je ne suis qu'un animal Déguisé en madone Hé toi, je pourrais te faire mal Je pourrais te blesser oui Dans la nuit qui frissonne La {grenade}
72%
Une à une les gouttes d'eau Me dégoulinent dans le dos Nous pataugeons dans La ___________ La {gadoue}
59%
Dix ans de chaînes sans voir le jour c'était ma peine forçat de l'amour Et bonne chance à celui qui veut ma place Oui dix ans de chaînes sans voir le jour c'était ma peine forçat de l'amour Oui j'ai refusé mourir d'amour enchaîné Gabrielle
56%
Je vais vous raconter Avant de vous quitter L'histoire d'un p'tit village près de Napoli Nous étions quatre amis Au bal tous les samedis À jouer à chanter toute la nuit Gigi l'amoroso
54%
L'autre soir, on profitait d'une bonne bouteille Dans la vieille ville ajaccienne Quand elle est arrivée Elle est entrée comme un mirage la tête haute Ne s'souciant pas du r'gard des autres Elle a traversé toute l'allée Mais c'était qui ? La {goffa Lolita}
54%
Estomaqué par la beauté du spectacle
Je marche sur les braises sans le vouloir
Sans anesthésie se recoudre l’arcade
Un goût de coma, le sang sur le carrelage
Le {Graal}
38%
C'est à travers de larges grilles Que les femelles du canton Contemplaient un puissant _______ Sans souci du qu'en-dira-t-on Avec impudeur ces commères Lorgnaient même un endroit précis Que rigoureusement ma mère M'a défendu d'nommer ici Le {gorille}
37%
Le printemps sur la Tamise On n'ouvre pas les valises On est si bien Laisse au loin les pyramides Le soleil de la Floride Mets-nous un peu de musique Et prends ma main Les {gondoles à Venise}
34%
Demandez-moi de combattre le diable D’aller défier les dragons du néant De vous construire des tours des cathédrales Sur des sables mouvants Demandez-moi de briser les montagnes D’aller plonger dans la gueule des volcans Tout me paraît réalisable Et pourtant Le {géant de papier}
33%
C'est le plus grand des _________
Oui mais c'est un _________
Il s'empare de vos valeurs
Sans vous menacer d'une arme
Gentleman cambrioleur
31%
Quand l'écran s'allume je tape sur mon clavier Tous les mots sans voix qu'on s'dit avec les doigts Et j'envoie dans la nuit un message pour celle qui Me répondra O.K. pour un rendez-vous Goodbye Marylou
24%
Bien sûr, ce n'est pas la Seine
Ce n'est pas le bois de Vincennes
Mais c'est bien joli tout de même
À ________ À ________
Göttingen
20%
Il a un rire de voyou
Dans le fond des yeux ses amis
Il a le cœur au bord des coups
(Le _____ le _____) le _____ le _____
Le {gitan}
18%
Quand vient l’mardi, la ___________ Met ses bijoux, ses chinchillas Et puis à minuit, la ___________ Autour du cou s’met un boa La {grande Zoa}
16%
J'fais mon footing au milieu Des algues et des coraux Et j'fais mes pompes sur les restes D'un vieux cargo j'dis bonjour Faut bien que j'me mouille Gaby oh Gaby
10%
Si leurs maisons
Sont alignées
C'est par souci
D'égalité
Et les péniches
Pauvres ou riches
Portent le fruit de leurs efforts
Les {gens du nord}
10%
J'aime te voir danser sur les tables Comme un gamin heureux Comme un enfant pas sage, hmm J'aime nous voir chanter nos âges Comme des enfants joyeux Gamins des sables
8%
Quand je vois dans tes yeux d’enfant Que je deviens con Tout petit tellement j’suis un grand _________________ Grand petit con
3%
Aucun quiz correspondant
Distribution des résultats
% des personnes avec chaque résultat
Percentile par nombre de réponses
Votre historique - résultats
Vous n’avez pas pris ce quiz